Principios de conversión de energía electromecánica

Đã lưu trong:
Chi tiết về thư mục
Tác giả chính: Meisel, Jerome (autor)
Định dạng: Sách
Ngôn ngữ:Tiếng Tây Ban Nha
Được phát hành: Madrid Del Castillo 1969
Những chủ đề:
Các nhãn: Thêm thẻ
Không có thẻ, Là người đầu tiên thẻ bản ghi này!

MARC

LEADER 00000nam a2200000 a 4500
001 UCU5695
003 CL-VaPUC
008 960604e19690000SP |||||||||||||||||spa|d
082 0 4 |a 621.313  |b MEI  |2 21 
100 |a Meisel, Jerome  |e autor  |9 363640 
245 1 0 |a Principios de conversión de energía electromecánica 
300 |a 647 p 
942 |c BK 
945 |d 19960604 00:00:00  |a paguirre 
260 |a Madrid  |b Del Castillo  |c 1969 
650 7 |a DISPOSITIVOS SEMICONDUCTORES  |2 CL-VaPUC  |9 361201 
650 7 |a TECNOLOGIA ELECTRICA  |2 CL-VaPUC  |9 336952 
650 0 |a Circuitos electrónicos  |9 260204 
650 7 |a TUBOS ELECTRONICOS  |2 CL-VaPUC  |9 363641 
583 |a last modification  |c 19960604 00:00:00  |k Rodrigo Vera 
999 |c 248900  |d 248898